<?xml version="1.0" encoding="UTF-8"?>
<marc:record xmlns:marc="http://www.loc.gov/MARC21/slim">
   <marc:leader>00000nam a2200000 a 4500</marc:leader>
   <marc:datafield ind1="1" ind2=" " tag="100">
      <marc:subfield code="a">Rossbacher, Claudia</marc:subfield>
      <marc:subfield code="4">aut</marc:subfield>
      <marc:subfield code="e">Verfasser/-in</marc:subfield>
   </marc:datafield>
   <marc:datafield ind1="0" ind2="0" tag="245">
      <marc:subfield code="a">Steirernacht</marc:subfield>
   </marc:datafield>
   <marc:datafield ind1="0" ind2="0" tag="245">
      <marc:subfield code="b">Sandra Mohrs sechster Fall ; [Kriminalroman]</marc:subfield>
   </marc:datafield>
   <marc:datafield ind1="0" ind2="0" tag="245">
      <marc:subfield code="c">Claudia Rossbacher</marc:subfield>
   </marc:datafield>
   <marc:datafield ind1=" " ind2="1" tag="264">
      <marc:subfield code="a">Meßkirch</marc:subfield>
      <marc:subfield code="b">Gmeiner-Verl.</marc:subfield>
      <marc:subfield code="c">2016</marc:subfield>
   </marc:datafield>
   <marc:datafield ind1="1" ind2=" " tag="490">
      <marc:subfield code="a">Gmeiner Spannung</marc:subfield>
   </marc:datafield>
   <marc:datafield ind1="1" ind2=" " tag="520">
      <marc:subfield code="a">Amouröse Abenteuer, Kinderpornographie und undurchsichtige Mordfälle erschüttern die idyllische Oststeiermark. (DR) Tiefe Nacht im oststeirischen Pöllau, drei Tote bereiten dem sympathischen Ermittlerduo Sandra Mohr und Sascha Bergmann vom LKA Graz in ihrem sechsten Fall jede Menge Kopfzerbrechen. Was zunächst nach einer Familientragödie mit erweitertem Suizid aussieht, entpuppt sich rasch als kaltblütig geplanter Dreifachmord. Ein Ehepaar und dessen kleiner Sohn wurden erschossen, nur die dreizehnjährige Tochter des Hauses konnte sich rechtzeitig verstecken und zu ihrem Onkel flüchten. Bald gewinnt die empathische Inspektorin das Vertrauen dieser einzigen Tatzeugin, deren Hinweise gleich mehrere Personen verdächtig erscheinen lassen und erschütternde Vorgänge ans Licht bringen. Die nächste Leiche lässt nicht lange auf sich warten... Wie schon seine Vorgängerbände punktet auch dieser flott geschriebene steirische Regionalkrimi mit solide recherchiertem Lokalkolorit, glaubhaften Charakteren und einem interessanten Plot. Claudia Rossbacher räumt dem turbulenten Privatleben ihrer Heldin diesmal viel Raum ein, wodurch die an sich fesselnde Krimihandlung etwas ins Stocken gerät. Für Dynamik sorgt das erfrischende Geplänkel zwischen der emanzipierten Sandra Mohr und ihrem machohaften Chef sowie das spannend inszenierte Finale mit der nicht gänzlich unerwarteten Auflösung. Alles in allem wieder ein unterhaltsamer Landkrimi mit viel österreichischem Flair! Für Nachschub ist auch schon gesorgt, der siebte Band dieser Krimiserie ist laut Homepage der Autorin bereits in Vorbereitung.</marc:subfield>
   </marc:datafield>
   <marc:datafield ind1=" " ind2=" " tag="020">
      <marc:subfield code="a">9783839219263</marc:subfield>
      <marc:subfield code="9">9783839219263</marc:subfield>
   </marc:datafield>
   <marc:datafield ind1=" " ind2=" " tag="020">
      <marc:subfield code="a">3839219264</marc:subfield>
      <marc:subfield code="9">3839219264</marc:subfield>
   </marc:datafield>
   <marc:datafield ind1=" " ind2=" " tag="300">
      <marc:subfield code="a">278 S.</marc:subfield>
   </marc:datafield>
</marc:record>
